000 00590nam a2200193 i 4500
001 59814
003 ES-MaACL
005 20250919111020.0
007 t|
008 031030s1968 sp ||||1| cat d
100 1 _aEngels, Friedrich.
_947225
245 1 0 _aSocialisme utopic i socialisme cientific /
_cFriedrich Engels ; [traducció de Jordi Solé-Tura].
250 _a[1ª ed.].
260 _aBarcelona :
_bEdicions 62,
_c[1968]
300 _a117 p. ;
_c18 cm.
700 1 _aSolé Tura, Jordi,
_d1930-2009
_9107136
852 _aES-MaACL
_jC-36830
_bR.68003
999 _c59814
_d59814